Načo sú Slovensku malé ľavicové strany? sociálni demokrati môžu mať významný podiel na "socializácii" Smeru

Podrobná bibliografia
Hlavný autor: Štefunko, Ivan, 1977- (Autor)
Médium: Článok
Jazyk:slovenčina
Fyzický popis:Fotogr.
ISSN:1335-468X
Predmet:

MARC

LEADER 00000nab a2200000 a 4500
001 vtls000836886
003 SK-MaSNL
005 20260303183652.0
008 180205c2003 xo 0 slo
015 |a SNBRB2003/06-16109 
035 |a CLN000188541 
040 |a SNKBUCL  |b slo  |c SNKBUCL  |e AACR2 
041 0 |a slo 
044 |a xo  |c SK 
080 |a 329.14(437.6)  |2 UDC-MRF-SK2 
100 1 |a Štefunko, Ivan,  |d 1977-  |4 aut  |9 198935 
245 1 0 |a Načo sú Slovensku malé ľavicové strany?  |b sociálni demokrati môžu mať významný podiel na "socializácii" Smeru  |c Ivan Štefunko 
300 |b Fotogr. 
650 0 7 |a strany politické ľavicové  |z Slovensko  |2 snkbucl  |9 845917 
655 7 |a články z novín a časopisov  |2 snkbucl  |9 267496 
773 0 |x 1335-468X  |t Slovo. Politicko-spoločenský týždenník  |g Roč. 5, č. 22 (2003), s. 1-2 
850 |a Slovenská národná knižnica v Martine 
852 |a SNK  |b KIS3GCP 
958 |a RBX 
999 |c 2122408  |d 2124338